| 000 | 00592cam a2200169 4500500 | ||
|---|---|---|---|
| 005 | 20260329010153.0 | ||
| 041 | _afre | ||
| 042 | _adc | ||
| 100 | 1 | 0 |
_aOrtoli, Sven _eauthor |
| 245 | 0 | 0 | _aMichaël Fœssel : “L’humanité, c’est la liberté. Point final” |
| 260 | _c2024. | ||
| 500 | _a33 | ||
| 690 | _aKant | ||
| 690 | _aMichaël Fœssel | ||
| 786 | 0 | _nPhilosophie magazine - Hors séries | Hors série - Hiver 2024 | HS60 | 2024-01-01 | p. 4-7 | 2104-9246 | |
| 856 | 4 | 1 | _uhttps://shs.cairn.info/magazine-philosophie-magazine-2024-hs60-page-4?lang=fr&redirect-ssocas=7080 |
| 999 |
_c1850079 _d1850079 |
||